[Event "Serbia-chT (Women)"]
[Site "Zlatibor"]
[Date "2006.08.29"]
[Round "4"]
[White "Zelenaja Azaric, Galina"]
[Black "Stankovic, Jovana"]
[Result "1-0"]
[WhiteElo "2105"]
[BlackElo "1975"]
[PlyCount "115"]
[EventDate "2006.08.26"]
[EventType "team"]
[EventRounds "9"]
[EventCountry "YUG"]
[SourceTitle "EXT 2007"]
[Source "ChessBase"]
[SourceDate "2006.11.23"]
[SourceVersion "1"]
[SourceVersionDate "2006.11.23"]
[SourceQuality "1"]

1. Nf3 e6 2. g3 d5 3. Bg2 c5 4. 0-0 Nc6 5. d3 Bd6 6. e4 Nge7 7. c3 0-0 8. Re1 Qc7 9. Na3 a6 10. Nc2 f6 11. exd5 exd5 12. d4 Bg4 13. Ne3 Be6 14. Nc2 Bf7 15. dxc5 Bxc5 16. Nfd4 Qb6 17. b3 Rac8 18. Be3 Rfe8 19. b4 Bxd4 20. Nxd4 Nxd4 21. Bxd4 Qb5 22. Bh3 Rc7 23. a4 Qc6 24. a5 Nc8 25. Qd2 Nd6 26. Rxe8+ Qxe8 27. Re1 Re7 28. Rxe7 Qxe7 29. Bc5 Ne4 30. Qe3 Qc7 31. Bd4 Qd8 32. Bg2 Nd6 33. Bb6 Qd7 34. Bc5 Nc4 35. Qe7 Qxe7 36. Bxe7 Be6 37. Bc5 Kf7 38. Kf1 Ke8 39. Ke2 Kd7 40. h4 Kc6 41. Bf8 g6 42. Bg7 f5 43. Kf3 b6 44. axb6 Kxb6 45. Bd4+ Kb5 46. Bf1 a5 47. bxa5 Kxa5 48. Kf4 h5 49. Kg5 Bf7 50. Kf6 Be8 51. Bg2 Nb6 52. Bxb6+ Kxb6 53. Bxd5 Kc5 54. Bf7 Bxf7 55. Kxf7 g5 56. hxg5 f4 57. g6 h4 58. gxh4 1-0

[Event "SCG-chT (Women)"]
[Site "Budva"]
[Date "2003.??.??"]
[Round "3.13"]
[White "Zelenaja Azaric, Galina"]
[Black "Kovacevic, Radmila"]
[Result "1-0"]
[WhiteElo "2049"]
[BlackElo "2054"]
[PlyCount "141"]
[EventDate "2003.09.??"]
[EventType "team"]
[EventRounds "11"]
[EventCountry "YUG"]
[SourceTitle "CBM 096 Extra"]
[Source "ChessBase"]
[SourceDate "2003.10.22"]
[SourceVersion "2"]
[SourceVersionDate "2003.10.20"]
[SourceQuality "1"]

1. Nf3 c5 2. d3 d5 3. g3 Nc6 4. Bg2 Nf6 5. 0-0 e5 6. c3 Be7 7. Nbd2 0-0 8. e4 dxe4 9. dxe4 Qc7 10. h3 Rd8 11. Qe2 Rb8 12. Nh4 g6 13. Nc4 Na5 14. Nxe5 Be6 15. b3 Qxe5 16. Bf4 Qxc3 17. Bxb8 Rxb8 18. Rfd1 Nd7 19. Nf5 Bf6 20. Ne3 Qb4 21. Rac1 Nc6 22. Rxd7 Bxd7 23. Nd5 Qd4 24. Rd1 Qb2 25. Nxf6+ Qxf6 26. Rxd7 Nd4 27. Qc4 Rd8 28. Rxd8+ Qxd8 29. Qxc5 Ne2+ 30. Kh2 Qd1 31. f4 Nd4 32. Qc3 h5 33. Qe3 b6 34. f5 gxf5 35. exf5 Nxf5 36. Qe8+ Kg7 37. Qe5+ Kg6 38. Qf4 Qd6 39. Qxd6+ Nxd6 40. h4 f5 41. Bf3 Nb5 42. Kg2 Nc3 43. a4 Ne4 44. Be2 Nc5 45. Bd1 Ne4 46. Kf3 Nc3 47. Bc2 Nd5 48. Bd3 Kf6 49. Bb5 Ke5 50. Be8 Nf6 51. Bf7 a6 52. Bc4 Ne4 53. Bxa6 Nd2+ 54. Ke3 Nxb3 55. Be2 Nc5 56. Bb5 Ne4 57. Kf3 Nf6 58. Bd3 Ne4 59. Bb5 Nf6 60. Bc6 Kd6 61. Bb5 Ke5 62. Bc4 Kd4 63. Bf7 Ke5 64. Bg6 Ke6 65. Kf4 Nd5+ 66. Kg5 Ne3 67. Bxh5 Ke5 68. Be2 Nd5 69. h5 Nc3 70. h6 Ne4+ 71. Kg6 1-0

[Event "YUG-ch (Women)"]
[Site "Budva"]
[Date "2002.??.??"]
[Round "?"]
[White "Prudnikova, Svetlana"]
[Black "Zelenaja Azaric, Galina"]
[Result "1-0"]
[WhiteElo "2405"]
[BlackElo "2075"]
[PlyCount "102"]
[EventDate "2002.08.??"]
[EventType "team"]
[EventRounds "9"]
[EventCountry "YUG"]
[SourceTitle "EXT 2003"]
[Source "ChessBase"]
[SourceDate "2002.11.25"]
[SourceVersion "1"]
[SourceVersionDate "2002.11.25"]
[SourceQuality "1"]

1. e4 c5 2. Nf3 e6 3. c4 a6 4. d4 cxd4 5. Nxd4 Nf6 6. Nc3 Qc7 7. a3 d6 8. Be2 Be7 9. Be3 b6 10. Rc1 Bb7 11. f3 Nbd7 12. 0-0 0-0 13. b4 Rac8 14. Kh1 Qb8 15. Qd2 Rfe8 16. Rfd1 Bd8 17. Rc2 Bc7 18. Bg1 Red8 19. Qc1 Nf8 20. Na4 N8d7 21. Bf1 h6 22. Qe3 Re8 23. Qf2 Bd8 24. Rdc1 d5 25. exd5 exd5 26. c5 b5 27. c6 bxa4 28. cxb7 Rxc2 29. Qxc2 Qxb7 30. Qxa4 Nb8 31. Nb3 Bb6 32. Nc5 Bxc5 33. Bxc5 Rc8 34. Rd1 Nfd7 35. Bf2 Ne5 36. Qa5 Nc4 37. Qxd5 Qxd5 38. Rxd5 Nxa3 39. Bc5 Nb5 40. Bc4 g6 41. h4 Re8 42. h5 g5 43. Rf5 Re1+ 44. Kh2 Nc6 45. Bxf7+ Kg7 46. Bg6 Ne5 47. Bf8+ Kg8 48. Bxh6 Nxg6 49. hxg6 Re8 50. Rxg5 Nd4 51. Kg3 Rb8 1-0

[Event "YUG-ch (Women)"]
[Site "Budva"]
[Date "2002.??.??"]
[Round "?"]
[White "Zelenaja Azaric, Galina"]
[Black "Babic, Marijana"]
[Result "1-0"]
[WhiteElo "2075"]
[BlackElo "2141"]
[PlyCount "61"]
[EventDate "2002.08.??"]
[EventType "team"]
[EventRounds "9"]
[EventCountry "YUG"]
[SourceTitle "EXT 2003"]
[Source "ChessBase"]
[SourceDate "2002.11.25"]
[SourceVersion "1"]
[SourceVersionDate "2002.11.25"]
[SourceQuality "1"]

1. e4 e5 2. Nf3 Nc6 3. Bc4 Bc5 4. c3 Nf6 5. d3 d6 6. Bb3 a6 7. Nbd2 0-0 8. h3 Be6 9. Nf1 h6 10. Ng3 d5 11. Qe2 Re8 12. 0-0 Qe7 13. Nh4 Rad8 14. Nhf5 Qd7 15. Qf3 Nh7 16. Qg4 Bf8 17. exd5 Bxd5 18. Nxh6+ Kh8 19. Qxd7 Rxd7 20. Bxd5 Rxd5 21. Nxf7+ Kg8 22. Ng5 Nxg5 23. Bxg5 e4 24. Bf4 exd3 25. Bxc7 Bd6 26. Bxd6 Rxd6 27. Rfe1 Red8 28. Rad1 b5 29. Nf5 R6d7 30. Re6 Rc7 31. Rxc6 1-0

[Event "YUG-ch (Women)"]
[Site "Budva"]
[Date "2002.??.??"]
[Round "?"]
[White "Zelenaja Azaric, Galina"]
[Black "Gruic, Jadranka"]
[Result "1/2-1/2"]
[WhiteElo "2075"]
[BlackElo "2115"]
[PlyCount "35"]
[EventDate "2002.08.??"]
[EventType "team"]
[EventRounds "9"]
[EventCountry "YUG"]
[SourceTitle "EXT 2003"]
[Source "ChessBase"]
[SourceDate "2002.11.25"]
[SourceVersion "1"]
[SourceVersionDate "2002.11.25"]
[SourceQuality "1"]

1. e4 d5 2. exd5 Qxd5 3. Nc3 Qd8 4. d4 Nf6 5. Bc4 c6 6. Nf3 b5 7. Bb3 e6 8. 0-0 Be7 9. a3 0-0 10. Ne5 Bb7 11. Re1 Nbd7 12. Qf3 Qc7 13. Qg3 Bd6 14. Bh6 Ne8 15. Bf4 Ndf6 16. Qh3 Nd5 17. Nxd5 exd5 18. Qg3 1/2-1/2

[Event "YUG-ch sf (Women)"]
[Site "Belgrade"]
[Date "1999.??.??"]
[Round "5"]
[White "Dimitrijevic, Aleksandra"]
[Black "Zelenaja Azaric, Galina"]
[Result "0-1"]
[WhiteElo "2063"]
[BlackElo "2080"]
[PlyCount "46"]
[EventDate "1999.??.??"]
[EventType "swiss"]
[EventRounds "11"]
[EventCountry "YUG"]
[SourceTitle "EXT 2002"]
[Source "ChessBase"]
[SourceDate "2001.11.25"]
[SourceVersion "1"]
[SourceVersionDate "2001.11.25"]
[SourceQuality "1"]

1. e4 c5 2. Nf3 e6 3. d4 cxd4 4. Nxd4 a6 5. Nc3 b5 6. a3 Bb7 7. Bd3 Qb6 8. Nb3 Qc7 9. Be3 Nf6 10. 0-0 Be7 11. Kh1 d5 12. exd5 Nxd5 13. Nxd5 Bxd5 14. Qg4 Bf6 15. Nd4 Nc6 16. Rae1 h5 17. Nxe6 Qxh2+ 18. Kxh2 hxg4+ 19. Kg1 Bxe6 20. Bc5 Rh5 21. b4 0-0-0 22. a4 Rdh8 23. f3 g3 0-1

[Event "YUG-ch sf (Women)"]
[Site "Belgrade"]
[Date "1999.??.??"]
[Round "1"]
[White "Jovanovic, Slavojka"]
[Black "Zelenaja Azaric, Galina"]
[Result "1/2-1/2"]
[WhiteElo "2055"]
[BlackElo "2080"]
[PlyCount "30"]
[EventDate "1999.??.??"]
[EventType "swiss"]
[EventRounds "11"]
[EventCountry "YUG"]
[SourceTitle "EXT 2002"]
[Source "ChessBase"]
[SourceDate "2001.11.25"]
[SourceVersion "1"]
[SourceVersionDate "2001.11.25"]
[SourceQuality "1"]

1. d4 Nf6 2. c4 g6 3. Nc3 Bg7 4. g3 0-0 5. Bg2 d6 6. e4 Nbd7 7. Nge2 e5 8. d5 a5 9. 0-0 Nc5 10. Rb1 Nh5 11. a3 f5 12. f3 a4 13. Be3 b6 14. Bxc5 bxc5 15. Nxa4 fxe4 1/2-1/2

[Event "YUG-ch sf (Women)"]
[Site "Belgrade"]
[Date "1999.??.??"]
[Round "7"]
[White "Stojanovic, Andjelija"]
[Black "Zelenaja Azaric, Galina"]
[Result "1/2-1/2"]
[WhiteElo "2103"]
[BlackElo "2080"]
[PlyCount "101"]
[EventDate "1999.??.??"]
[EventType "swiss"]
[EventRounds "11"]
[EventCountry "YUG"]
[SourceTitle "EXT 2002"]
[Source "ChessBase"]
[SourceDate "2001.11.25"]
[SourceVersion "1"]
[SourceVersionDate "2001.11.25"]
[SourceQuality "1"]

1. Nf3 Nf6 2. g3 g6 3. Bg2 Bg7 4. 0-0 d6 5. d4 0-0 6. b3 c6 7. Bb2 Bf5 8. c4 e5 9. dxe5 Ng4 10. Nc3 Nxe5 11. Nd4 Bc8 12. Qd2 Qe7 13. Rad1 Rd8 14. f4 Ng4 15. e4 Nf6 16. Kh1 Bg4 17. e5 Nfd7 18. exd6 Qxd6 19. Ne4 Qf8 20. Rde1 Nf6 21. Nxf6+ Bxf6 22. Qf2 Qc5 23. Nxc6 Qxf2 24. Rxf2 Nxc6 25. Bxf6 Re8 26. Rxe8+ Rxe8 27. h3 Bc8 28. Rd2 Kf8 29. Kh2 h5 30. Kg1 Bf5 31. Kf2 Re6 32. Bc3 Ke8 33. h4 Nd8 34. Bd5 Ra6 35. Re2+ Kd7 36. c5 Kc8 37. b4 Be6 38. Bxe6+ Nxe6 39. Rd2 Ra3 40. Be5 a6 41. Rc2 Kd7 42. Bc3 Kc6 43. Ke3 Kd5 44. Kf2 Ke4 45. Be5 Kd3 46. Rb2 Kc4 47. Bf6 Ra4 48. Ke3 Ra3+ 49. Kf2 Ra4 50. Ke3 Ra3+ 51. Kf2 1/2-1/2

[Event "YUG Cup"]
[Site "Herceg Novi"]
[Date "1999.??.??"]
[Round "?"]
[White "Zelenaja Azaric, Galina"]
[Black "Kostic, Maja"]
[Result "0-1"]
[WhiteElo "2080"]
[BlackElo "2221"]
[PlyCount "78"]
[EventDate "1999.??.??"]
[EventType "team"]
[EventRounds "6"]
[EventCountry "YUG"]
[SourceTitle "EXT 2001"]
[Source "ChessBase"]
[SourceDate "2000.11.22"]
[SourceVersion "1"]
[SourceVersionDate "2000.11.22"]
[SourceQuality "1"]

1. e4 d6 2. d4 Nf6 3. Nc3 e5 4. dxe5 dxe5 5. Qxd8+ Kxd8 6. Bg5 Be6 7. Nf3 Bd6 8. 0-0-0 Nbd7 9. Nd2 h6 10. Bh4 g5 11. Bg3 Ke7 12. Nc4 Bxc4 13. Bxc4 Rhf8 14. Nd5+ Nxd5 15. Bxd5 c6 16. Bc4 b5 17. Be2 Nf6 18. f3 Nh5 19. Bf2 Nf4 20. Bf1 a5 21. c3 f5 22. g3 Ne6 23. exf5 Rxf5 24. Rd2 Raf8 25. Bb6 g4 26. Bd3 gxf3 27. Bxf5 Rxf5 28. Rhd1 Bc5 29. Rd7+ Ke8 30. Bxc5 Nxc5 31. R7d6 e4 32. Kd2 Ke7 33. Ke3 Nd3 34. Rxc6 f2 35. Rf1 Nxb2 36. Rxf2 Nd1+ 37. Kxe4 Rxf2 38. Rxh6 Nxc3+ 39. Kd4 b4 0-1

[Event "YUG-chT (Women)"]
[Site "Vrnjacka Banja"]
[Date "1999.??.??"]
[Round "7"]
[White "Zelenaja Azaric, Galina"]
[Black "Maksimovic, Suzana"]
[Result "0-1"]
[WhiteElo "2049"]
[BlackElo "2263"]
[PlyCount "74"]
[EventDate "1999.08.??"]
[EventType "team"]
[EventRounds "9"]
[EventCountry "YUG"]
[SourceTitle "EXT 2000"]
[Source "ChessBase"]
[SourceDate "1999.11.16"]
[SourceVersion "1"]
[SourceVersionDate "1999.11.16"]
[SourceQuality "1"]

1. e4 c5 2. Nf3 Nc6 3. Bb5 g6 4. 0-0 Bg7 5. c3 Nf6 6. d3 0-0 7. h3 d6 8. Re1 Qc7 9. Be3 a6 10. Ba4 Ne5 11. Bc2 b6 12. Nbd2 Bb7 13. Nh2 Rac8 14. f4 Ned7 15. Rc1 e5 16. Nhf3 Rfe8 17. fxe5 dxe5 18. Nf1 c4 19. Ng3 cxd3 20. Bxd3 Nc5 21. Bxc5 Qxc5+ 22. Kh1 Bh6 23. Rc2 Rcd8 24. Qe2 b5 25. Ra1 Bf4 26. Nf1 Rxd3 27. Qxd3 Bxe4 28. Qd1 Bxc2 29. Qxc2 Rd8 30. Re1 e4 31. Ng1 Rd3 32. Rd1 Qd5 33. Re1 Nh5 34. Qe2 f5 35. g4 Ng3+ 36. Nxg3 Bxg3 37. Rf1 Rd2 0-1

[Event "YUG-ch sf (Women)"]
[Site "Belgrade"]
[Date "1999.??.??"]
[Round "9"]
[White "Zelenaja Azaric, Galina"]
[Black "Sargac, Rajna"]
[Result "1-0"]
[WhiteElo "2080"]
[BlackElo "2160"]
[PlyCount "103"]
[EventDate "1999.??.??"]
[EventType "swiss"]
[EventRounds "11"]
[EventCountry "YUG"]
[SourceTitle "EXT 2002"]
[Source "ChessBase"]
[SourceDate "2001.11.25"]
[SourceVersion "1"]
[SourceVersionDate "2001.11.25"]
[SourceQuality "1"]

1. e4 c5 2. Nf3 Nc6 3. d3 d6 4. g3 g6 5. Bg2 Bg7 6. 0-0 e6 7. c3 Nge7 8. Na3 0-0 9. Nc2 b6 10. d4 Ba6 11. Re1 e5 12. d5 Nb8 13. Bf1 Bc8 14. Nh4 f5 15. Bg5 Bf6 16. Bxf6 Rxf6 17. exf5 Nxf5 18. Nxf5 gxf5 19. f4 e4 20. Ne3 a6 21. a4 Ra7 22. Qd2 Rg7 23. b4 Nd7 24. a5 b5 25. c4 bxc4 26. Nxc4 Qc7 27. Rec1 Bb7 28. Ne3 Qb8 29. b5 axb5 30. Bxb5 Qa7 31. a6 Bc8 32. Rcb1 Rf8 33. Bc6 Nb8 34. Bb7 c4 35. Kg2 Rc7 36. Qc3 Bd7 37. Nxc4 Nxa6 38. Bxa6 Qc5 39. Ra5 Qa7 40. Qe3 Qxe3 41. Nxe3 Ra8 42. Rba1 Rb8 43. Be2 Rb2 44. R1a2 Rb3 45. R5a3 Rbb7 46. Nc4 Rb5 47. Nxd6 Rbc5 48. Ra7 Kf8 49. Rxc7 Rxc7 50. Nc4 Rb7 51. Ne5 Ke7 52. Rd2 1-0

[Event "YUG-chT (Women)"]
[Site "Novi Sad"]
[Date "1996.??.??"]
[Round "?"]
[White "Zelenaja Azaric, Galina"]
[Black "Bojkovic, Natasa"]
[Result "0-1"]
[WhiteElo "2075"]
[BlackElo "2400"]
[PlyCount "48"]
[EventDate "1996.??.??"]
[EventType "team"]
[EventRounds "7"]
[EventCountry "YUG"]
[SourceTitle "EXT 1999"]
[Source "ChessBase"]
[SourceDate "1998.11.16"]
[SourceVersion "1"]
[SourceVersionDate "1998.11.16"]
[SourceQuality "1"]

1. e4 c5 2. Nf3 e6 3. d3 d5 4. Nbd2 Nc6 5. g3 g6 6. Bg2 Bg7 7. 0-0 Nge7 8. Re1 b6 9. exd5 Nxd5 10. Nb3 0-0 11. c4 Nde7 12. d4 cxd4 13. Nbxd4 Bb7 14. Nxc6 Bxc6 15. Qe2 Qc7 16. Bf4 Qb7 17. Nh4 Bxg2 18. Nxg2 Nc6 19. Rab1 Nd4 20. Qe4 Qxe4 21. Rxe4 e5 22. Bc1 Nf3+ 23. Kh1 Rad8 24. Nh4 Rd1+ 0-1